000
003250000a22001330004500
005
20120302064640.0
942
_c
BOOK
100
_a
_a
_b
_c
245
_a
Household Management (illustrated)
260
_a
London : Oldhams Press Limited .
300
_a
512 p.
040
_a
Eng
650
_a
Miscellanous / Sankirna / Kitchen
999
_c
362709
_d
362706